[Event "GER-ch (Women)"]
[Site "Magdeburg"]
[Date "2022.08.20"]
[Round "9"]
[White "Schulze, Lara"]
[Black "Bazzazi, Elnaz"]
[Result "1-0"]
[WhiteElo "2297"]
[BlackElo "1766"]
[PlyCount "41"]
[EventDate "2022.08.14"]
[EventType "swiss"]
[EventRounds "9"]
[EventCountry "GER"]
[SourceTitle "CBM 209 Extra"]
[Source "ChessBase"]
[SourceDate "2022.09.30"]
[SourceVersion "1"]
[SourceVersionDate "2022.09.30"]
[SourceQuality "1"]

1. e4 c5 2. Nc3 Nc6 3. Nf3 e6 4. d4 cxd4 5. Nxd4 Bc5 6. Nb3 Bb6 7. Be2 Nge7 8. 0-0 0-0 9. Bf4 f5 10. Bd6 fxe4 11. Nxe4 Rf7 12. c4 a5 13. c5 Ba7 14. Nd4 Nxd4 15. Qxd4 b6 16. Ng5 bxc5 17. Qe4 Rf5 18. Bxe7 Qxe7 19. Qxa8 Rxg5 20. Qxc8+ Kf7 21. Qb7 1-0

[Event "GER-ch (Women)"]
[Site "Magdeburg"]
[Date "2022.08.14"]
[Round "1"]
[White "Heil, Marina"]
[Black "Bazzazi, Elnaz"]
[Result "0-1"]
[WhiteElo "1926"]
[BlackElo "1766"]
[PlyCount "40"]
[EventDate "2022.08.14"]
[EventType "swiss"]
[EventRounds "9"]
[EventCountry "GER"]
[SourceTitle "CBM 209 Extra"]
[Source "ChessBase"]
[SourceDate "2022.09.30"]
[SourceVersion "1"]
[SourceVersionDate "2022.09.30"]
[SourceQuality "1"]

1. c4 e5 2. Nc3 Nc6 3. g3 g6 4. Bg2 Bg7 5. d3 d6 6. e4 Nh6 7. Nge2 0-0 8. 0-0 f5 9. h3 f4 10. gxf4 exf4 11. Bxf4 Rxf4 12. Nxf4 Be5 13. Nfd5 Qh4 14. Ne2 Bxh3 15. f4 Bxg2 16. Kxg2 Ng4 17. Rh1 Qf2+ 18. Kh3 Qf3+ 19. Kh4 Ne3 20. Nxe3 Bf6# 0-1

[Event "GER-chT Federal Cup (Women)"]
[Site "Braunfels"]
[Date "2022.06.17"]
[Round "2.27"]
[White "Gressmann, Hanna"]
[Black "Bazzazi, Elnaz"]
[Result "0-1"]
[WhiteElo "1892"]
[BlackElo "1749"]
[PlyCount "54"]
[EventDate "2022.06.15"]
[EventType "team-swiss"]
[EventRounds "5"]
[EventCountry "GER"]
[SourceTitle "EXT 2023"]
[Source "ChessBase"]
[SourceDate "2022.10.05"]
[SourceVersion "1"]
[SourceVersionDate "2022.10.05"]
[SourceQuality "1"]

1. e4 e5 2. Nf3 Nc6 3. Bc4 Bc5 4. b4 Bxb4 5. c3 Be7 6. d4 Bf6 7. Qb3 Qe7 8. Ba3 d6 9. 0-0 exd4 10. e5 Nxe5 11. Nxe5 Bxe5 12. cxd4 Bxd4 13. Qa4+ Kf8 14. Nd2 Bxa1 15. Rxa1 Bd7 16. Qb3 Bc6 17. Qg3 Re8 18. Nb3 h5 19. Bb2 Nf6 20. Nd4 Qe4 21. h3 h4 22. Qh2 Rh5 23. Kf1 Bd5 24. Be2 Rg5 25. Bf3 Qd3+ 26. Be2 Rxe2 27. Nxe2 Bxg2+ 0-1

[Event "GER-chT Federal Cup (Women)"]
[Site "Braunfels"]
[Date "2022.06.17"]
[Round "3.35"]
[White "Moeller, Hannah Sophie"]
[Black "Bazzazi, Elnaz"]
[Result "1/2-1/2"]
[WhiteElo "1833"]
[BlackElo "1749"]
[PlyCount "22"]
[EventDate "2022.06.15"]
[EventType "team-swiss"]
[EventRounds "5"]
[EventCountry "GER"]
[SourceTitle "EXT 2023"]
[Source "ChessBase"]
[SourceDate "2022.10.05"]
[SourceVersion "1"]
[SourceVersionDate "2022.10.05"]
[SourceQuality "1"]

1. Nf3 b6 2. g3 Bb7 3. d4 e6 4. Bg2 Nf6 5. 0-0 c5 6. c3 d5 7. c4 Nbd7 8. Nc3 dxc4 9. Qa4 a6 10. Qxc4 b5 11. Qd3 cxd4 1/2-1/2

[Event "IRI-chT (Women) 8th"]
[Site "Qazvin"]
[Date "2014.12.30"]
[Round "2.4"]
[White "Bazzazi, Elnaz"]
[Black "Haghshenas, Zahra"]
[Result "0-1"]
[WhiteElo "1724"]
[BlackElo "1751"]
[PlyCount "108"]
[EventDate "2014.12.29"]
[EventType "team-tourn"]
[EventRounds "7"]
[EventCountry "IRI"]
[SourceTitle "CBM 164 Extra"]
[Source "ChessBase"]
[SourceDate "2015.03.02"]
[SourceVersion "1"]
[SourceVersionDate "2015.03.02"]
[SourceQuality "1"]
[WhiteTeam "Nassaji Melal Alborz (W)"]
[BlackTeam "Qazvin CA (W)"]
[WhiteTeamCountry "IRI"]
[BlackTeamCountry "IRI"]

1. e4 c5 2. Nf3 d6 3. d4 cxd4 4. Nxd4 Nf6 5. Nc3 a6 6. Bc4 e6 7. 0-0 Qc7 8. Bb3 Be7 9. Be3 Nc6 10. Re1 0-0 11. Qf3 Ne5 12. Qe2 b5 13. f3 Bd7 14. Bf2 Rac8 15. Nd1 Nc4 16. c3 Nh5 17. Qc2 Nf6 18. Ne3 Nxe3 19. Bxe3 Rb8 20. Qd3 Rfd8 21. Rad1 Bc8 22. Bf2 Re8 23. Bc2 Bb7 24. Bg3 g6 25. Bb3 Nd7 26. Qd2 Ne5 27. f4 Nc4 28. Qf2 Rbc8 29. f5 Bf8 30. fxe6 fxe6 31. Nf3 Rcd8 32. Kh1 Rc8 33. Ng5 Bh6 34. Nf3 Bf8 35. Bf4 Qf7 36. Ng5 Qc7 37. a4 Rcd8 38. Rf1 h6 39. Nf3 Bxe4 40. axb5 axb5 41. Nd2 Bd3 42. Rfe1 e5 43. Bxc4+ bxc4 44. Be3 Rb8 45. Nf3 Qb7 46. b4 Ra8 47. Qd2 Kh7 48. Ra1 Ra6 49. Rxa6 Qxa6 50. Rc1 Ra8 51. h3 Qb7 52. Qf2 Bg7 53. Qh4 Ra2 54. Rg1 Rc2 0-1

[Event "IRI-ch (Women)"]
[Site "Rasht"]
[Date "2013.11.30"]
[Round "1"]
[White "Bazzazi, Elnaz"]
[Black "Ghader Pour, Shayesteh"]
[Result "0-1"]
[WhiteElo "1788"]
[BlackElo "2223"]
[PlyCount "106"]
[EventDate "2013.11.30"]
[EventType "swiss"]
[EventRounds "11"]
[EventCountry "IRI"]
[SourceTitle "CBM 157 Extra"]
[Source "ChessBase"]
[SourceDate "2013.12.19"]
[SourceVersion "1"]
[SourceVersionDate "2013.12.19"]
[SourceQuality "1"]

1. e4 c5 2. Nf3 d6 3. d4 cxd4 4. Nxd4 Nf6 5. Nc3 a6 6. Bc4 e6 7. 0-0 Be7 8. Re1 0-0 9. Be3 Qc7 10. Bb3 Nc6 11. f3 b5 12. Qe2 Bb7 13. Rad1 Rfe8 14. Qf2 Na5 15. Nxe6 Qc8 16. Nf4 Nxb3 17. axb3 Nd7 18. Ncd5 Bf8 19. b4 a5 20. Bb6 Bxd5 21. Nxd5 axb4 22. Nxb4 Nxb6 23. Qxb6 d5 24. Nd3 dxe4 25. fxe4 Qxc2 26. Qxb5 Rxe4 27. Rxe4 Qxd1+ 28. Re1 Qd2 29. Rf1 Qe3+ 30. Kh1 Re8 31. Qf5 Qe6 32. Qxe6 fxe6 33. Kg1 e5 34. b4 Bd6 35. Kf2 Kf7 36. Ke3+ Ke6 37. Ke4 Rc8 38. Rb1 Rc2 39. Kf3 Kd5 40. Ne1 e4+ 41. Ke3 Ra2 42. h3 Ke5 43. g3 Bc7 44. Nd3+ exd3 45. Kxd3 Ra3+ 46. Kc4 Rxg3 47. Re1+ Kf5 48. Rf1+ Bf4 49. b5 Rg6 50. Kc5 Ke4 51. h4 Rg1 52. Rxg1 Be3+ 53. Kc6 Bxg1 0-1

[Event "Paris-ch op-B 86th"]
[Site "Paris"]
[Date "2011.07.08"]
[Round "7"]
[White "Bourcier, Laurent"]
[Black "Bazzazi, Elnaz"]
[Result "1/2-1/2"]
[WhiteElo "1838"]
[BlackElo "1711"]
[PlyCount "148"]
[EventDate "2011.07.02"]
[EventType "swiss"]
[EventRounds "9"]
[EventCountry "FRA"]
[SourceTitle "EXT 2012"]
[Source "ChessBase"]
[SourceDate "2011.11.24"]
[SourceVersion "1"]
[SourceVersionDate "2011.11.24"]
[SourceQuality "1"]

1. d4 d5 2. c4 c6 3. Nf3 e6 4. Nc3 Bd6 5. e4 Ne7 6. e5 Bc7 7. h4 Nd7 8. c5 f6 9. Bf4 Ng6 10. Bg3 fxe5 11. h5 Ne7 12. Ng5 Nf8 13. dxe5 h6 14. Nf3 Nf5 15. Bh4 Nxh4 16. Rxh4 Bxe5 17. Qd3 Bf6 18. Rb4 e5 19. 0-0-0 Qa5 20. Rb3 Qxc5 21. Kb1 e4 22. Qe2 Bf5 23. Rxb7 Bxc3 24. bxc3 Qxc3 25. Nd4 Bh7 26. Nc2 Ne6 27. Qg4 Nc5 28. Qxg7 Qxg7 29. Rxg7 Ne6 30. Rb7 0-0 31. Ne3 Rxf2 32. Ka1 Raf8 33. Ba6 R8f7 34. Rxf7 Kxf7 35. Bb7 Re2 36. Ng4 Rxg2 37. Ne5+ Kf6 38. Nxc6 e3 39. Nb4 Rd2 40. Nxd5+ Rxd5 41. Bxd5 e2 42. Re1 Nd4 43. Kb2 Bd3 44. Kc3 Nc2 45. Kxd3 Nxe1+ 46. Kxe2 Nc2 47. Kf3 a5 48. a4 Kg5 49. Bf7 Nd4+ 50. Ke4 Nf5 51. Kd5 Ng7 52. Kc5 Nxh5 53. Kb5 Ng7 54. Kxa5 Kf6 55. Bc4 Ne8 56. Kb6 Nd6 57. Be2 Ke6 58. a5 h5 59. a6 Kd7 60. Bxh5 Nc8+ 61. Kb7 Nd6+ 62. Kb8 Nb5 63. Be2 Nc7 64. a7 Kd8 65. Bb5 Nxb5 66. a8Q Nd6 67. Qa5+ Kd7 68. Qd5 Ke7 69. Kc7 Ne8+ 70. Kc6 Nf6 71. Qe5+ Kf7 72. Kd6 Ne8+ 73. Kd7 Nf6+ 74. Qxf6+ Kxf6 1/2-1/2

[Event "Paris-ch op-B 86th"]
[Site "Paris"]
[Date "2011.07.07"]
[Round "6"]
[White "Bazzazi, Elnaz"]
[Black "Mkhitarian, Aram"]
[Result "1-0"]
[WhiteElo "1711"]
[BlackElo "1835"]
[PlyCount "67"]
[EventDate "2011.07.02"]
[EventType "swiss"]
[EventRounds "9"]
[EventCountry "FRA"]
[SourceTitle "EXT 2012"]
[Source "ChessBase"]
[SourceDate "2011.11.24"]
[SourceVersion "1"]
[SourceVersionDate "2011.11.24"]
[SourceQuality "1"]

1. e4 e5 2. Nf3 Nc6 3. Nc3 d6 4. d4 exd4 5. Nxd4 Bd7 6. Bc4 Nf6 7. Nd5 Ne5 8. Bb3 c5 9. Nf5 c4 10. f4 cxb3 11. fxe5 Nxe4 12. 0-0 dxe5 13. axb3 Be6 14. c4 Bc5+ 15. Be3 Bxe3+ 16. Nfxe3 0-0 17. Qh5 Qg5 18. Qxg5 Nxg5 19. Nc7 Rab8 20. Rxa7 Rfd8 21. Ned5 Bd7 22. b4 f6 23. b5 Ne4 24. Rc1 Nd6 25. b4 Kf7 26. Rc3 g6 27. b6 Rdc8 28. c5 Nb5 29. Nxb5 Bxb5 30. Nc7 Rd8 31. Nxb5 Rd1+ 32. Kf2 Rb1 33. c6 Rxb4 34. Rxb7+ 1-0

[Event "Paris-ch op-B 86th"]
[Site "Paris"]
[Date "2011.07.05"]
[Round "4"]
[White "Bazzazi, Elnaz"]
[Black "Duget, Long Jc"]
[Result "1-0"]
[WhiteElo "1711"]
[BlackElo "1870"]
[PlyCount "49"]
[EventDate "2011.07.02"]
[EventType "swiss"]
[EventRounds "9"]
[EventCountry "FRA"]
[SourceTitle "EXT 2012"]
[Source "ChessBase"]
[SourceDate "2011.11.24"]
[SourceVersion "1"]
[SourceVersionDate "2011.11.24"]
[SourceQuality "1"]

1. e4 c5 2. Nf3 g6 3. d4 cxd4 4. Nxd4 Bg7 5. Nc3 Nc6 6. Be3 Nf6 7. Bc4 Qa5 8. f3 Qb4 9. Bb3 Nxe4 10. Nxc6 Bxc3+ 11. bxc3 Qxc3+ 12. Ke2 dxc6 13. Bd4 e5 14. Be3 0-0 15. Re1 Qa5 16. Kf1 Rd8 17. Qc1 Nd2+ 18. Kg1 Nxb3 19. axb3 Qc3 20. Ra4 Be6 21. Bg5 b5 22. Rae4 Qc5+ 23. Kh1 Rd5 24. Bf6 h5 25. Qh6 1-0